LEADER 01809cam0-22005531i-450 001 990003852970403321 005 20200303083843.0 035 $a000385297 035 $aFED01000385297 035 $a(Aleph)000385297FED01 035 $a000385297 100 $a20030910d1973----km-y0itay50------ba 101 1 $aita$ceng 102 $aIT 105 $aa 001yy 200 1 $aVerso un equilibrio globale$ei limiti dello sviluppo$estudi del System dynamics group, Massachusetts institute of technology (MIT)$fJay W. Forrester ... [et al.]$ga cura di Dennis L. Meadows e Donella H. Meadows 210 $aMilano$cEdizioni scientifiche e tecniche Mondadori$d1973 215 $a447 p.$d21 cm 225 1 $aBiblioteca della EST 311 $aSul frontespizio: in appendice La nuova soglia a cura del Club di Roma 423 0$12001$a<>nuova soglia 454 0$12001$aToward global equilibrium$931650 610 0 $aEcologia 610 0 $aRisorse naturali 610 0 $aSviluppo e ambiente 700 1$aForrester,$bJay W.$033210 702 1$aMeadows,$bDennis L.$f<1942- > 702 1$aMeadows,$bDonella H. 712 02$aSloan School of Management.$bSystem Dynamics Group 712 02$aClub di Roma 801 0$aIT$bUNINA$gRICA$2UNIMARC 901 $aBK 912 $a990003852970403321 952 $aF/3.3 MEA/73$b5619/I$fSES 952 $aVI D 27$bs.i.$fDDA 952 $a310013$b1706$fDCATA 952 $aIG 16 B 15$fDMIGI 952 $aURB.LE B 2251$b9156$fFARBC 952 $aFONDO ROSSI 404$bROSSI 432$fFARBC 952 $a574.1-10$b137$fDMVBF 952 $a574.1-11$b164$fDMVBF 959 $aDDA 959 $aSES 959 $aDCATA 959 $aDMIGI 959 $aFARBC 959 $aDMVBF 996 $aToward global equilibrium$931650 997 $aUNINA LEADER 02536nam 22007335 450 001 9910146289703321 005 20250331124853.0 010 $a9783540692102 010 $a354069210X 024 7 $a10.1007/BFb0092617 035 $a(CKB)1000000000437348 035 $a(SSID)ssj0000324385 035 $a(PQKBManifestationID)12117097 035 $a(PQKBTitleCode)TC0000324385 035 $a(PQKBWorkID)10305909 035 $a(PQKB)11326818 035 $a(DE-He213)978-3-540-69210-2 035 $a(MiAaPQ)EBC5590763 035 $a(Au-PeEL)EBL5590763 035 $a(OCoLC)1066198243 035 $a(MiAaPQ)EBC6854347 035 $a(Au-PeEL)EBL6854347 035 $a(PPN)155212710 035 $a(EXLCZ)991000000000437348 100 $a20121227d1997 u| 0 101 0 $aeng 135 $aurnn|008mamaa 181 $ctxt 182 $cc 183 $acr 200 10$aLectures on Probability Theory and Statistics $eEcole d'Ete de Probabilites de Saint-Flour XXVI - 1996 /$fby Evarist Giné, Geoffrey R. Grimmett, Laurent Saloff-Coste ; edited by Pierre Bernard 205 $a1st ed. 1997. 210 1$aBerlin, Heidelberg :$cSpringer Berlin Heidelberg :$cImprint: Springer,$d1997. 215 $a1 online resource (X, 424 p.) 225 1 $aÉcole d'Été de Probabilités de Saint-Flour ;$v1665 300 $aBibliographic Level Mode of Issuance: Monograph 311 08$a9780540631902 311 08$a0540631906 311 08$a9783540631903 311 08$a3540631909 320 $aIncludes bibliographical references. 327 $aDecoupling and limit theorems for u-statistics and u-processes -- Lectures on some aspects of the bootstrap -- Percolation and disordered systems -- Lectures on finite Markov chains. 330 $aNur Contents aufnehmen. 410 0$aÉcole d'Été de Probabilités de Saint-Flour ;$v1665 606 $aProbabilities 606 $aStatistics 606 $aProbability Theory 606 $aStatistical Theory and Methods 615 0$aProbabilities. 615 0$aStatistics. 615 14$aProbability Theory. 615 24$aStatistical Theory and Methods. 676 $a519.2 700 $aGine?$b Evarist$f1944-$0101928 702 $aGrimmett$b Geoffrey 702 $aSaloff-Coste$b L. 702 $aBernard$b P$g(Pierre),$f1944- 801 0$bMiAaPQ 801 1$bMiAaPQ 801 2$bMiAaPQ 906 $aBOOK 912 $a9910146289703321 996 $aLectures on probability theory and statistics$9261826 997 $aUNINA